Štúdium vlastností záznamových prostriedkov v historických dokumentoch

Gespeichert in:
Bibliographische Detailangaben
1. Verfasser: Buzinkay, Andrej
Format: Buch
Sprache:Slowakisch
Veröffentlicht: Bratislava STU FCHPT 2007
Online-Zugang:Im OPAC anzeigen
Tags: Tag hinzufügen
Keine Tags, Fügen Sie das erste Tag hinzu!

MARC

LEADER 00000nam a2200000 a 4500
005 20260127133938.0
008 060607 2006 xo 000 0 slo d
035 |a vtls009007650 
039 9 |a 200708021029  |b mschk03  |y 200707170858  |z mschk03 
040 |a STUSCHK1  |b slo  |c STUSCHK1  |e AACR2 
100 1 |a Buzinkay, Andrej 
245 1 |a Štúdium vlastností záznamových prostriedkov v historických dokumentoch  |c Andrej Buzinkay 
260 |a Bratislava  |b STU FCHPT  |c 2007 
300 |a 61 s.  |b obr.,tab.,grafy, lit.  |c 29 cm 
500 |a Obháj.: 6.6. 2007 
500 |a Špec.: Polygrafie a aplikovanej fotochémie 
500 |a Ústav polymérnych materiálov 
910 |a SCHK95 
999 |c 604  |d 604